Man's many voices: language in its cultural context

Kaydedildi:
Detaylı Bibliyografya
Yazar: Burling, Robbins
Materyal Türü: Kitap
Dil:Undetermined
Baskı/Yayın Bilgisi: New York, Estados Unidos Holt, Rinehart and Winston 1970
Konular:
Etiketler: Etiketle
Etiket eklenmemiş, İlk siz ekleyin!

MARC

LEADER 00000nam a2200000Ia 4500
008 170316s9999 xx 000 0 und d
090 |a 410 B-32m 
100 |a Burling, Robbins 
245 |a Man's many voices: language in its cultural context 
260 |a New York, Estados Unidos 
260 |b Holt, Rinehart and Winston 
260 |c 1970 
300 |a 222 páginas 
650 |a LINGÜÍSTICA 
999 |c 18252  |d 18252 
040 |a cru BVZT 
942 |c 15 D  |h 410 B-32m  |2 z